书目信息 |
| 题名: |
合成聚合物乳液的应用
|
|
| 作者: | 瓦尔森, , 芬奇, 著 ;成国祥 译 | |
| 分册: | 第1卷 | |
| 出版信息: | 北京 化学工业出版社 2004.05 |
|
| 页数: | 501页 | |
| 开本: | 24cm | |
| 丛书名: | ||
| 单 册: | ||
| 中图分类: | TQ31 | |
| 科图分类: | ||
| 主题词: | 高聚物--乳液聚合--应用 | |
| 电子资源: | ||
| ISBN: | 7-5025-5302-9 | |
| 000 | 01379nam0 2200325 450 | |
| 001 | 0109021031 | |
| 005 | 20051014091917.44 | |
| 010 | @a7-5025-5302-9@dCNY65.00 | |
| 100 | @a20040902d2004 km y0chiy0120 ea | |
| 101 | 1 | @achi@ceng |
| 102 | @aCN@b110000 | |
| 105 | @aa a 001yy | |
| 200 | 1 | @a合成聚合物乳液的应用@AHe Cheng Ju He Wu Ru Ye De Ying Yong@h第1卷@f(英) H.瓦尔森, C.A.芬奇著@F(ying)H.wa er sen,C.A.fen qi zhu |
| 210 | @a北京@c化学工业出版社@d2004.05 | |
| 215 | @a501页@c图@d24cm | |
| 305 | @a本书中文简体字版由John Wiley&Sons出版公司授权化学工业出版社出版发行。 | |
| 306 | @a国外优秀科技著作出版专项基金资助。 | |
| 308 | @a本丛书译自John Wiley &. sons出版公司2001年出版的《合成聚合物乳液的应用》丛书。 | |
| 312 | @a英文并列题名取自版权页。 | |
| 320 | @a有书目和索引。 | |
| 330 | @a本书介绍了树脂乳液方面常见单体和聚合方法,乳液聚合原理和实验室及工业实施方法,以及重要的工业聚合物胶乳及产品等。 | |
| 510 | 1 | @aApplications of Synthetic Resin Latices.1@zeng |
| 517 | 1 | @a聚合物乳液基础及其在胶黏剂中的应用@AJu He Wu Ru Ye Ji Chu Ji Qi Zai Jiao Nian Ji Zhong De Ying Yong |
| 606 | 0 | @a高聚物@x乳液聚合@x应用 |
| 690 | @aTQ31@v4 | |
| 701 | 1 | @a瓦尔森,@AWa Er Sen,@bH.@g(Warson, H.)@4著 |
| 701 | 1 | @a芬奇,@AFen Qi,@bC. A.@g(Finch, C. A.)@4著 |
| 702 | 0 | @a成国祥@ACheng Guo Xiang@4译 |
| 801 | 0 | @aCN@bQSSK@c20051014 |
| 905 | @a10447@dTQ31@eW05 | |
| 合成聚合物乳液的应用.第1卷/(英) H.瓦尔森, C.A.芬奇著.-北京:化学工业出版社,2004.05 |
| 501页:图;24cm |
| ISBN 7-5025-5302-9:CNY65.00 |
| 本书介绍了树脂乳液方面常见单体和聚合方法,乳液聚合原理和实验室及工业实施方法,以及重要的工业聚合物胶乳及产品等。 |
| ● |
| 相关链接 |
|
|
|
正题名:合成聚合物乳液的应用
索取号:TQ31/W05
 
预约/预借
| 序号 | 登录号 | 条形码 | 馆藏地/架位号 | 状态 | 备注 |
| 1 | 568037 | 205680379 | 自科库501/501自科库 140排3列4层/ [索取号:TQ31/W05] | 在馆 | |
| 2 | 568038 | 205680388 | 自科库501/501自科库 140排3列4层/ [索取号:TQ31/W05] | 在馆 |